Normal view MARC view
  • W Moore and Son

Entry Corporate Name

Number of records used in: 4

001 - CONTROL NUMBER

  • control field: 5369

003 - CONTROL NUMBER IDENTIFIER

  • control field: OSt

005 - DATE AND TIME OF LATEST TRANSACTION

  • control field: 20190806150242.0

008 - FIXED-LENGTH DATA ELEMENTS

  • fixed length control field: 071004n| acannaabn |n ana d

040 ## - CATALOGING SOURCE

  • Original cataloging agency: OSt
  • Transcribing agency: OSt

110 2# - HEADING--CORPORATE NAME

  • Corporate name or jurisdiction name as entry element: W Moore and Son

670 ## - SOURCE DATA FOUND

  • Source citation: Worcestershire, 1817